English for maritime studies
The course aims to provide a stepping-stone to enable a student to cross from an intermediate knowledge of general english to a position where he can handle the sort of text books and instruction you will meet at college and on board ship.
Сохранить в:
| Главный автор: | |
|---|---|
| Формат: | |
| Язык: | Undetermined |
| Опубликовано: |
New York
Pergamon Press
1983
|
| Предметы: | |
| Метки: |
Добавить метку
Нет меток, Требуется 1-ая метка записи!
|
| Thư viện lưu trữ: | Trung tâm Học liệu Trường Đại học Cần Thơ |
|---|
| LEADER | 00935nam a2200205Ia 4500 | ||
|---|---|---|---|
| 001 | CTU_161549 | ||
| 008 | 210402s9999 xx 000 0 und d | ||
| 082 | |a 428.24 | ||
| 082 | |b B637 | ||
| 100 | |a Blakey, T. N. | ||
| 245 | 0 | |a English for maritime studies | |
| 245 | 0 | |c T. N. Blakey | |
| 260 | |a New York | ||
| 260 | |b Pergamon Press | ||
| 260 | |c 1983 | ||
| 520 | |a The course aims to provide a stepping-stone to enable a student to cross from an intermediate knowledge of general english to a position where he can handle the sort of text books and instruction you will meet at college and on board ship. | ||
| 650 | |a English language,Naval art and science,Tiếng Anh,Hải quân và khoa học | ||
| 650 | |x Conversation and phrase books (for sailors),Terminology,Đàm thoại và cụm từ sách (cho thủy thủ),Thuật ngữ | ||
| 904 | |i Năm | ||
| 980 | |a Trung tâm Học liệu Trường Đại học Cần Thơ | ||